Henri Rousseau (Record no. 4479)
[ view plain ]
| 000 -CABECERA | |
|---|---|
| campo de control de longitud fija | 00967nam a2200253 a 4500 |
| 001 - NÚMERO DE CONTROL | |
| campo de control | BRCA_4782 |
| 005 - FECHA Y HORA DE LA ÚLTIMA TRANSACCIÓN | |
| campo de control | 20190320204814.0 |
| 008 - DATOS DE LONGITUD FIJA--INFORMACIÓN GENERAL | |
| campo de control de longitud fija | 081010c1966----ag-af#####---#000-0#spa-# |
| 041 ## - CÓDIGO DE LENGUA | |
| Código de lengua del texto/banda sonora o título independiente | spa |
| 044 ## - CÓDIGO DEL PAÍS DE LA ENTIDAD EDITORA/PRODUCTORA | |
| Código MARC del país | ag |
| 050 #4 - SIGNATURA TOPOGRÁFICA DE LA BIBLIOTECA DEL CONGRESO | |
| Número de clasificación | ND553 |
| Número de documento/Ítem | .P56 |
| -- | 1966 |
| 245 10 - MENCIÓN DE TÍTULO | |
| Título | Henri Rousseau |
| Mención de responsabilidad, etc. | monografía por Carla Lonzi ; traducción por Marcial Suárez ; enfoque de actualidad, por Ernesto B. Rodríguez. |
| 260 ## - PUBLICACIÓN, DISTRIBUCIÓN, ETC. | |
| Lugar de publicación, distribución, etc. | Argentina |
| Nombre del editor, distribuidor, etc. | Codex |
| Fecha de publicación, distribución, etc. | 1966 |
| 300 ## - DESCRIPCIÓN FÍSICA | |
| Extensión | 1 v. (sin paginación) |
| Otras características físicas | il., 16 láminas a color |
| Dimensiones | 36 cm. |
| 440 #0 - MENCIÓN DE SERIE/PUNTO DE ACCESO ADICIONAL--TÍTULO | |
| Título | Pinacoteca de los genios : la más grandiosa colección de arte del mundo |
| Designación de volumen o secuencia | 143 |
| 9 (RLIN) | 12090 |
| 500 ## - NOTA GENERAL | |
| Nota general | Incluye índice de ilustraciones y nómina de pintores publicados de los genios |
| 600 14 - PUNTO DE ACCESO ADICIONAL DE MATERIA--NOMBRE DE PERSONA | |
| Nombre de persona | Rousseau, Henri |
| Fechas asociadas al nombre | 1844-1910 |
| 9 (RLIN) | 12091 |
| 650 14 - PUNTO DE ACCESO ADICIONAL DE MATERIA--TÉRMINO DE MATERIA | |
| Término de materia o nombre geográfico como elemento de entrada | Pintura |
| Subdivisión geográfica | Argentina |
| 9 (RLIN) | 12062 |
| 650 14 - PUNTO DE ACCESO ADICIONAL DE MATERIA--TÉRMINO DE MATERIA | |
| Término de materia o nombre geográfico como elemento de entrada | Arte |
| Subdivisión geográfica | Argentina |
| 9 (RLIN) | 12092 |
| 700 1# - PUNTO DE ACCESO ADICIONAL--NOMBRE DE PERSONA | |
| Nombre de persona | Lonzi, Carla |
| 9 (RLIN) | 12093 |
| 700 1# - PUNTO DE ACCESO ADICIONAL--NOMBRE DE PERSONA | |
| Nombre de persona | Rodríguez, Ernesto B. |
| 9 (RLIN) | 12094 |
| 700 1# - PUNTO DE ACCESO ADICIONAL--NOMBRE DE PERSONA | |
| Nombre de persona | Suárez, Marcial |
| Término indicativo de función/relación | tr. |
| 9 (RLIN) | 12095 |
| 942 ## - ELEMENTOS DE PUNTO DE ACCESO ADICIONAL (KOHA) | |
| Fuente del sistema de clasificación o colocación | Library of Congress Classification |
| Tipo de ítem Koha | Libros |
| Estado de retiro | Estado de pérdida | Estado dañado | No para préstamo | Localización permanente | Ubicación/localización actual | Fecha de adquisición | Total de préstamos | Signatura topográfica completa | Código de barras | Fecha visto por última vez | Precio válido a partir de | Tipo de ítem Koha |
|---|---|---|---|---|---|---|---|---|---|---|---|---|
| El ejemplar forma parte de la colección y puede ser consultado según las políticas vigentes. | Biblioteca del Museo Franz Mayer (Rogerio Casas-Alatriste) | Biblioteca del Museo Franz Mayer (Rogerio Casas-Alatriste) | 08/10/2010 | ND553 .P56 1966 | 00639 | 22/03/2019 | 22/03/2019 | Libros |